[Event "Montreal Mercredi 04"]
[Site "Montreal CAN"]
[Date "2008.04.02"]
[Round "1"]
[White "Chenard, Yanick"]
[Black "Tong, Tan Guang"]
[Result "0-1"]
[WhiteElo "1464"]
[BlackElo "1457"]
[PlyCount "100"]
[GameId "2160767910351237"]
[EventDate "2008.04.02"]
[EventType "tourn"]
[EventRounds "5"]
[EventCountry "CAN"]
[SourceTitle "EXT 2011"]
[Source "ChessBase"]
[SourceDate "2011.11.26"]
[SourceVersion "1"]
[SourceVersionDate "2011.11.26"]
[SourceQuality "1"]

1. d4 Nf6 2. c4 e6 3. Nc3 Bb4 4. a3 Bxc3+ 5. bxc3 d5 6. e3 O-O 7. Nf3 b6 8. cxd5 exd5 9. c4 c6 10. Bd3 Bg4 11. h3 Bh5 12. O-O Re8 13. cxd5 cxd5 14. Be2 Nbd7 15. Bb2 Ne4 16. g4 Bg6 17. Bb5 Re6 18. Bxd7 Qxd7 19. Ne5 Qd8 20. Rc1 Qh4 21. Kg2 f5 22. Nf3 Qf6 23. Ne5 h5 24. f3 Nd6 25. Rc7 Qg5 26. f4 Qd8 27. Rc2 fxg4 28. hxg4 Bxc2 29. Qxc2 hxg4 30. Rh1 Ne4 31. a4 Rh6 32. Rxh6 gxh6 33. Qc6 Nd6 34. Qxd5+ Kg7 35. Nxg4 Rc8 36. Qe5+ Kh7 37. Nf6+ Kg6 38. d5 Rc2+ 39. Kf3 Rxb2 40. Qxb2 Qxf6 41. Qxf6+ Kxf6 42. e4 Nf7 43. Kg4 a6 44. d6 Nxd6 45. e5+ Ke6 46. exd6 Kxd6 47. Kf5 Ke7 48. Kg6 Kf8 49. Kxh6 b5 50. axb5 axb5 0-1

[Event "Montreal Mercredi 04"]
[Site "Montreal CAN"]
[Date "2008.04.02"]
[Round "1"]
[White "Chesnut, Walter"]
[Black "Lescarbeau, Martin"]
[Result "0-1"]
[WhiteElo "1464"]
[BlackElo "1480"]
[PlyCount "54"]
[GameId "2160767910351239"]
[EventDate "2008.04.02"]
[EventType "tourn"]
[EventRounds "5"]
[EventCountry "CAN"]
[SourceTitle "EXT 2011"]
[Source "ChessBase"]
[SourceDate "2011.11.26"]
[SourceVersion "1"]
[SourceVersionDate "2011.11.26"]
[SourceQuality "1"]

1. d4 Nf6 2. Nf3 e6 3. a3 b6 4. c4 Ba6 5. e3 d5 6. Ne5 dxc4 7. Bxc4 Bxc4 8. Nxc4 Qd5 9. Ne5 Qxg2 10. Qf3 Qxf3 11. Nxf3 Nbd7 12. Nc3 a6 13. e4 c5 14. d5 e5 15. Bg5 Bd6 16. Nh4 g6 17. Ng2 c4 18. Ne3 b5 19. Nc2 h6 20. Bxf6 Nxf6 21. Nb4 Bxb4 22. axb4 Kd7 23. Ke2 Nh5 24. Ke3 Nf4 25. Ra5 Nd3 26. Rha1 Nxb4 27. Nxb5 Nc2+ 0-1

[Event "Montreal Mercredi 04"]
[Site "Montreal CAN"]
[Date "2008.04.02"]
[Round "1"]
[White "Courval, Francois"]
[Black "Arseneault, Marc"]
[Result "0-1"]
[WhiteElo "1990"]
[BlackElo "1796"]
[PlyCount "96"]
[GameId "2160767910351240"]
[EventDate "2008.04.02"]
[EventType "tourn"]
[EventRounds "5"]
[EventCountry "CAN"]
[SourceTitle "EXT 2011"]
[Source "ChessBase"]
[SourceDate "2011.11.26"]
[SourceVersion "1"]
[SourceVersionDate "2011.11.26"]
[SourceQuality "1"]

1. e4 c5 2. Nf3 Nc6 3. Bb5 Qc7 4. O-O a6 5. Bxc6 Qxc6 6. Re1 d6 7. d4 cxd4 8. Nxd4 Qc7 9. Nc3 e6 10. f4 Nf6 11. h3 b5 12. Qd3 Be7 13. e5 dxe5 14. fxe5 Nd7 15. Bf4 Bb7 16. Rad1 Nb6 17. Ne4 Bxe4 18. Qxe4 O-O 19. Bg3 Rac8 20. c3 Na4 21. Re2 Rfd8 22. Bf2 Rd5 23. Rd3 Nc5 24. Qe3 Nxd3 25. Qxd3 Qc4 26. Qxc4 Rxc4 27. Kf1 b4 28. Be1 bxc3 29. bxc3 h6 30. Nf3 Rd1 31. Rc2 Bd8 32. Ke2 Ra1 33. Kd3 Ra4 34. c4 R1xa2 35. Rxa2 Rxa2 36. c5 a5 37. Nd4 Kf8 38. c6 Rb2 39. Kc4 Bb6 40. Nb5 Ke7 41. Bc3 Rxg2 42. Nd6 Bc7 43. Kb5 Rg1 44. Bxa5 Bxd6 45. exd6+ Kxd6 46. c7 Kd7 47. Kb6 Rb1+ 48. Ka7 Kc8 0-1

[Event "Montreal Mercredi 04"]
[Site "Montreal CAN"]
[Date "2008.04.02"]
[Round "1"]
[White "Dulac, Sebastien"]
[Black "Chagnon, Francois"]
[Result "0-1"]
[WhiteElo "1456"]
[BlackElo "1458"]
[PlyCount "73"]
[GameId "2160767910351241"]
[EventDate "2008.04.02"]
[EventType "tourn"]
[EventRounds "5"]
[EventCountry "CAN"]
[SourceTitle "EXT 2011"]
[Source "ChessBase"]
[SourceDate "2011.11.26"]
[SourceVersion "1"]
[SourceVersionDate "2011.11.26"]
[SourceQuality "1"]

1. f4 e6 2. Nf3 b6 3. e3 Bb7 4. b3 Be7 5. Bb2 Bf6 6. d4 Nh6 7. Bd3 Nf5 8. Bxf5 exf5 9. O-O Nc6 10. c4 d5 11. Nc3 Ne7 12. cxd5 Nxd5 13. Nxd5 Qxd5 14. Rc1 O-O-O 15. Qd2 Rd7 16. Rf2 Re8 17. Ne5 Bxe5 18. fxe5 g6 19. Qd3 h5 20. Rcc2 h4 21. h3 Qa5 22. Bc3 Qa3 23. Qb5 Qe7 24. Qe2 Be4 25. Rc1 Kb8 26. b4 g5 27. a4 Rg8 28. a5 g4 29. hxg4 Rxg4 30. Kf1 Qg5 31. Ke1 Bxg2 32. Kd2 h3 33. axb6 axb6 34. Ra1 Rg3 35. Rf4 Bb7 36. Qb5 Rg2+ 37. Kd3 0-1

[Event "Montreal Mercredi 04"]
[Site "Montreal CAN"]
[Date "2008.04.02"]
[Round "1"]
[White "Gauthier, Luc"]
[Black "Pomerantz, Daniel"]
[Result "0-1"]
[WhiteElo "1756"]
[BlackElo "1862"]
[PlyCount "62"]
[GameId "2160767910351242"]
[EventDate "2008.04.02"]
[EventType "tourn"]
[EventRounds "5"]
[EventCountry "CAN"]
[SourceTitle "EXT 2011"]
[Source "ChessBase"]
[SourceDate "2011.11.26"]
[SourceVersion "1"]
[SourceVersionDate "2011.11.26"]
[SourceQuality "1"]

1. e4 c5 2. Nc3 Nc6 3. f4 g6 4. Nf3 Bg7 5. Bb5 Nd4 6. O-O Nxb5 7. Nxb5 a6 8. Nc3 e6 9. d3 Ne7 10. Qe1 O-O 11. Ne2 f5 12. Ng3 b5 13. c3 Bb7 14. e5 Qc7 15. Ne2 a5 16. d4 b4 17. Be3 Nd5 18. Qd2 bxc3 19. Nxc3 cxd4 20. Nxd5 Bxd5 21. Nxd4 Qb7 22. a4 Rab8 23. Nb5 Bc6 24. Bc5 Rfd8 25. Bd6 Bxb5 26. axb5 Qa7+ 27. Kh1 Rxb5 28. b4 Rd5 29. Qc3 Qa6 30. bxa5 Rc8 31. Qb2 Rxd6 0-1

[Event "Montreal Mercredi 04"]
[Site "Montreal CAN"]
[Date "2008.04.02"]
[Round "1"]
[White "Germain, Max"]
[Black "Piche, Justin"]
[Result "0-1"]
[WhiteElo "1524"]
[BlackElo "1542"]
[PlyCount "55"]
[GameId "2160767910351243"]
[EventDate "2008.04.02"]
[EventType "tourn"]
[EventRounds "5"]
[EventCountry "CAN"]
[SourceTitle "EXT 2011"]
[Source "ChessBase"]
[SourceDate "2011.11.26"]
[SourceVersion "1"]
[SourceVersionDate "2011.11.26"]
[SourceQuality "1"]

1. d4 d5 2. c4 e6 3. Nc3 Bb4 4. Qc2 Nf6 5. Bg5 h6 6. Bd2 O-O 7. e3 Qe7 8. Bd3 b6 9. Nf3 Ba6 10. cxd5 Bxd3 11. Qxd3 Bxc3 12. bxc3 exd5 13. c4 c5 14. O-O Nbd7 15. cxd5 Rac8 16. dxc5 Nxc5 17. Bb4 Qe8 18. Bxc5 Rxc5 19. Nd4 Rxd5 20. f3 Qd7 21. Rfd1 Qc7 22. Qe2 Rh5 23. g3 Rh3 24. Rd2 Rh5 25. Qe1 Nd5 26. Rc1 Qe5 27. Nc6 Qc7 28. e4 0-1

[Event "Montreal Mercredi 04"]
[Site "Montreal CAN"]
[Date "2008.04.02"]
[Round "1"]
[White "Giroux, Robert"]
[Black "Levkovsky, Alexandre"]
[Result "0-1"]
[WhiteElo "1962"]
[BlackElo "2154"]
[PlyCount "42"]
[GameId "2160767910351244"]
[EventDate "2008.04.02"]
[EventType "tourn"]
[EventRounds "5"]
[EventCountry "CAN"]
[SourceTitle "EXT 2011"]
[Source "ChessBase"]
[SourceDate "2011.11.26"]
[SourceVersion "1"]
[SourceVersionDate "2011.11.26"]
[SourceQuality "1"]

1. e4 e5 2. Nf3 Nc6 3. d4 exd4 4. Bc4 Bb4+ 5. c3 dxc3 6. bxc3 Bd6 7. O-O Nge7 8. Bxf7+ Kxf7 9. e5 Bxe5 10. Ng5+ Kg8 11. Qb3+ d5 12. f4 Bf6 13. Ba3 h6 14. h4 g6 15. Ne4 Bg7 16. Ng3 Nf5 17. Nxf5 Bxf5 18. Qxb7 Na5 19. Qa6 c6 20. Bb4 Qb6+ 21. Qxb6 axb6 0-1

[Event "Montreal Mercredi 04"]
[Site "Montreal CAN"]
[Date "2008.04.02"]
[Round "1"]
[White "Teasdale, Alain"]
[Black "Dolrev, Martin"]
[Result "0-1"]
[WhiteElo "1547"]
[BlackElo "1570"]
[PlyCount "174"]
[GameId "2160767910351245"]
[EventDate "2008.04.02"]
[EventType "tourn"]
[EventRounds "5"]
[EventCountry "CAN"]
[SourceTitle "EXT 2011"]
[Source "ChessBase"]
[SourceDate "2011.11.26"]
[SourceVersion "1"]
[SourceVersionDate "2011.11.26"]
[SourceQuality "1"]

1. e4 e6 2. d4 d5 3. Nc3 dxe4 4. Nxe4 Nd7 5. Nf3 Ngf6 6. Ng3 c6 7. Bd3 Be7 8. Bf4 Qa5+ 9. c3 O-O 10. O-O Nd5 11. Bd2 Qb6 12. Qc2 N7f6 13. a3 c5 14. Ne2 Qc7 15. c4 Nb6 16. Bf4 Bd6 17. Ne5 cxd4 18. c5 Qxc5 19. Qxc5 Bxc5 20. Rac1 Nbd7 21. Nxd7 Nxd7 22. b4 Bb6 23. Bd6 Re8 24. Bb5 Rd8 25. Bc7 Bxc7 26. Rxc7 a6 27. Bc4 b5 28. Bb3 d3 29. Nd4 Nf6 30. Nc6 Rd7 31. Rxd7 Bxd7 32. Ne5 d2 33. Nxd7 Nxd7 34. Rd1 Rc8 35. Rxd2 Ne5 36. f3 g6 37. Rc2 Rxc2 38. Bxc2 Nc4 39. a4 Ne3 40. Bb3 bxa4 41. Bxa4 Nd5 42. b5 axb5 43. Bxb5 Kg7 44. Kf2 g5 45. Bc6 Kf6 46. Be8 Nc7 47. Bc6 Ke5 48. Kg3 f5 49. Kf2 Nd5 50. Be8 Kd4 51. Bd7 Nc7 52. g3 f4 53. Bc8 e5 54. Bf5 h6 55. Bg6 Nb5 56. Bh7 Nc3 57. Bg6 Nd1+ 58. Ke2 Ne3 59. Bh7 Kc3 60. Bg6 Kb2 61. Bh7 Kc1 62. Bg6 Nc2 63. Be4 Nd4+ 64. Ke1 Kb2 65. Kd2 Nb5 66. Bc6 Nd6 67. Bd5 fxg3 68. hxg3 Nf5 69. g4 Nd6 70. Ke3 Kc3 71. Be6 Kb4 72. Bg8 Kc3 73. Bh7 Nc4+ 74. Ke4 Nd2+ 75. Ke3 Nb3 76. Ke4 Kd2 77. Kxe5 Ke3 78. Be4 Nd2 79. Kf6 Nxe4+ 80. fxe4 Kxe4 81. Kg6 Kf4 82. Kh5 Kg3 83. Kxh6 Kxg4 84. Kg6 Kh4 85. Kf5 g4 86. Kf4 Kh3 87. Ke3 Kh2 0-1

[Event "Montreal Mercredi 04"]
[Site "Montreal CAN"]
[Date "2008.04.02"]
[Round "1"]
[White "Turcotte, Jonathan"]
[Black "Lemieux, Serge"]
[Result "1-0"]
[WhiteElo "1604"]
[BlackElo "1652"]
[PlyCount "35"]
[GameId "2160767910351246"]
[EventDate "2008.04.02"]
[EventType "tourn"]
[EventRounds "5"]
[EventCountry "CAN"]
[SourceTitle "EXT 2011"]
[Source "ChessBase"]
[SourceDate "2011.11.26"]
[SourceVersion "1"]
[SourceVersionDate "2011.11.26"]
[SourceQuality "1"]

1. d4 d5 2. c4 e6 3. Nc3 c6 4. e4 Bb4 5. Bd2 dxc4 6. Nf3 b5 7. a4 Bd7 8. g3 a5 9. Bg2 Be7 10. axb5 cxb5 11. Ne5 Ra7 12. O-O b4 13. Na4 Nc6 14. Nxc4 Nxd4 15. Be3 Rc7 16. Qxd4 Bxa4 17. Rxa4 h5 18. Qxd8+ 1-0

[Event "Montreal Mercredi 04"]
[Site "Montreal CAN"]
[Date "2008.04.09"]
[Round "2"]
[White "Ber, Alexandre"]
[Black "Piche, Justin"]
[Result "1-0"]
[WhiteElo "1495"]
[BlackElo "1542"]
[PlyCount "88"]
[GameId "2160767910351247"]
[EventDate "2008.04.02"]
[EventType "tourn"]
[EventRounds "5"]
[EventCountry "CAN"]
[SourceTitle "EXT 2011"]
[Source "ChessBase"]
[SourceDate "2011.11.26"]
[SourceVersion "1"]
[SourceVersionDate "2011.11.26"]
[SourceQuality "1"]

1. d4 d5 2. c4 e6 3. Nc3 Nf6 4. Bg5 Be7 5. e3 h6 6. Bxf6 Bxf6 7. Nf3 b6 8. cxd5 exd5 9. Bb5+ c6 10. Bd3 O-O 11. Rc1 Re8 12. O-O Na6 13. a3 Nc7 14. b4 Ne6 15. Qb3 Bb7 16. Na4 Rc8 17. Rc2 Re7 18. Rfc1 Rec7 19. Bf5 Qd6 20. Ne1 g6 21. Bd3 Bd8 22. Rc3 f5 23. Nf3 Bf6 24. R3c2 Kg7 25. b5 c5 26. dxc5 Nxc5 27. Qb4 Be7 28. Be2 Nxa4 29. Qxa4 Rxc2 30. Rxc2 Rxc2 31. Qxc2 Qc5 32. Nd4 Kf7 33. a4 Bf6 34. Qd2 Qa3 35. Qc2 Qc5 36. Qd2 f4 37. Bf3 Be5 38. Nc6 Bxc6 39. bxc6 fxe3 40. Qxd5+ Qxd5 41. Bxd5+ Ke7 42. fxe3 Kd6 43. e4 Kc5 44. Kf2 Bxh2 1-0

[Event "Montreal Mercredi 04"]
[Site "Montreal CAN"]
[Date "2008.04.09"]
[Round "2"]
[White "Bergeron, Rene"]
[Black "Marquis, Gerald"]
[Result "1/2-1/2"]
[WhiteElo "1530"]
[BlackElo "1493"]
[PlyCount "96"]
[GameId "2160767910351248"]
[EventDate "2008.04.02"]
[EventType "tourn"]
[EventRounds "5"]
[EventCountry "CAN"]
[SourceTitle "EXT 2011"]
[Source "ChessBase"]
[SourceDate "2011.11.26"]
[SourceVersion "1"]
[SourceVersionDate "2011.11.26"]
[SourceQuality "1"]

1. e4 e5 2. Nf3 Nc6 3. Bc4 Nf6 4. Qe2 Bc5 5. c3 O-O 6. O-O d6 7. h3 h6 8. b4 Bb6 9. a4 a5 10. b5 Ne7 11. d3 c6 12. Be3 d5 13. Bxb6 Qxb6 14. exd5 cxd5 15. Ba2 e4 16. dxe4 dxe4 17. Nd4 Nf5 18. Nxf5 Bxf5 19. Nd2 Qc5 20. Rac1 Rfe8 21. Nb3 Qa3 22. Nd4 Bg6 23. Qc4 Rac8 24. Qb3 Qd6 25. Rfd1 Qe5 26. c4 Bh5 27. Rd2 Nd5 28. Ne2 Nb4 29. Ng3 Qg5 30. Qe3 Qxe3 31. fxe3 Bg6 32. Bb1 Nd3 33. Bxd3 exd3 34. Kf2 Rc5 35. Rc3 Rec8 36. e4 Rxc4 37. Rcxd3 Bxe4 38. Nxe4 Rxe4 39. Rd4 Rce8 40. Rd8 Kf8 41. R8d7 Rf4+ 42. Kg3 Rxa4 43. Rxb7 Re3+ 44. Kf2 Re7 45. Rb8+ Re8 46. Rb7 Re7 47. Rb8+ Re8 48. Rb7 Re7 1/2-1/2

[Event "Montreal Mercredi 04"]
[Site "Montreal CAN"]
[Date "2008.04.09"]
[Round "2"]
[White "Boyer, Eric"]
[Black "Germain, Max"]
[Result "0-1"]
[WhiteElo "1510"]
[BlackElo "1524"]
[PlyCount "50"]
[GameId "2160767910351249"]
[EventDate "2008.04.02"]
[EventType "tourn"]
[EventRounds "5"]
[EventCountry "CAN"]
[SourceTitle "EXT 2011"]
[Source "ChessBase"]
[SourceDate "2011.11.26"]
[SourceVersion "1"]
[SourceVersionDate "2011.11.26"]
[SourceQuality "1"]

1. d4 Nf6 2. c4 e6 3. Nc3 Bb4 4. Nf3 b6 5. a3 Bxc3+ 6. bxc3 Ba6 7. e3 Nc6 8. Bd3 Na5 9. Ne5 O-O 10. c5 Bb7 11. Ng4 d6 12. Nxf6+ Qxf6 13. Qc2 Qh4 14. e4 f5 15. g3 Qg4 16. f3 Qxf3 17. Rf1 Qh5 18. Be3 fxe4 19. Rxf8+ Rxf8 20. Bxe4 d5 21. Bd3 e5 22. Qe2 Qxe2+ 23. Kxe2 e4 24. Bc2 Ba6+ 25. Ke1 Rf1+ 0-1

[Event "Montreal Mercredi 04"]
[Site "Montreal CAN"]
[Date "2008.04.09"]
[Round "2"]
[White "Chenard, Yanick"]
[Black "Dulac, Sebastien"]
[Result "1-0"]
[WhiteElo "1464"]
[BlackElo "1456"]
[PlyCount "85"]
[GameId "2160767910351250"]
[EventDate "2008.04.02"]
[EventType "tourn"]
[EventRounds "5"]
[EventCountry "CAN"]
[SourceTitle "EXT 2011"]
[Source "ChessBase"]
[SourceDate "2011.11.26"]
[SourceVersion "1"]
[SourceVersionDate "2011.11.26"]
[SourceQuality "1"]

1. d4 f5 2. c4 e6 3. Nc3 Bb4 4. e3 Nf6 5. g3 c6 6. Bg2 d5 7. Qb3 Bxc3+ 8. bxc3 O-O 9. Ba3 Re8 10. Ne2 Nbd7 11. Bd6 Nb6 12. c5 Nc4 13. Bf4 e5 14. Bg5 h6 15. Bxf6 Qxf6 16. Qc2 e4 17. Bf1 b6 18. cxb6 axb6 19. Nf4 g5 20. Bxc4 dxc4 21. Ng2 Qd6 22. a4 c5 23. O-O Bd7 24. Qe2 Qe6 25. dxc5 Bxa4 26. cxb6 Bb3 27. Rxa8 Rxa8 28. b7 Rb8 29. Ra1 Rxb7 30. Ra8+ Kg7 31. h4 Rd7 32. hxg5 Bd1 33. gxh6+ Kxh6 34. Qa2 Kg5 35. Ra6 Bb3 36. Rxe6 Bxa2 37. Nf4 Rg7 38. Ra6 Bb3 39. Ne6+ Kf6 40. Nxg7+ Kxg7 41. Kh2 Bd1 42. Kh3 Be2 43. Kh4 1-0

[Event "Montreal Mercredi 04"]
[Site "Montreal CAN"]
[Date "2008.04.09"]
[Round "2"]
[White "Dolrev, Martin"]
[Black "Turcotte, Jonathan"]
[Result "1-0"]
[WhiteElo "1570"]
[BlackElo "1604"]
[PlyCount "61"]
[GameId "2160767910351251"]
[EventDate "2008.04.02"]
[EventType "tourn"]
[EventRounds "5"]
[EventCountry "CAN"]
[SourceTitle "EXT 2011"]
[Source "ChessBase"]
[SourceDate "2011.11.26"]
[SourceVersion "1"]
[SourceVersionDate "2011.11.26"]
[SourceQuality "1"]

1. d4 Nf6 2. Nf3 e6 3. Bg5 d5 4. Nbd2 Be7 5. e3 h6 6. Bh4 Nbd7 7. Bd3 O-O 8. Bg3 c5 9. c3 b6 10. Ne5 Bb7 11. O-O Ne4 12. a4 a6 13. Bxe4 dxe4 14. Nxd7 Qxd7 15. Nc4 Qd8 16. a5 bxa5 17. Nxa5 Qb6 18. dxc5 Qa7 19. Qd7 Bc8 20. Qxa7 Rxa7 21. Nc6 Bxc5 22. Nxa7 Bxa7 23. Rfd1 f6 24. b4 Bb6 25. c4 e5 26. c5 Bc7 27. f3 exf3 28. gxf3 Kf7 29. b5 Rd8 30. Rxd8 Bxd8 31. bxa6 1-0

[Event "Montreal Mercredi 04"]
[Site "Montreal CAN"]
[Date "2008.04.09"]
[Round "2"]
[White "Katch, Gary"]
[Black "Gauthier, Luc"]
[Result "0-1"]
[WhiteElo "1802"]
[BlackElo "1756"]
[PlyCount "44"]
[GameId "2160767910351252"]
[EventDate "2008.04.02"]
[EventType "tourn"]
[EventRounds "5"]
[EventCountry "CAN"]
[SourceTitle "EXT 2011"]
[Source "ChessBase"]
[SourceDate "2011.11.26"]
[SourceVersion "1"]
[SourceVersionDate "2011.11.26"]
[SourceQuality "1"]

1. e4 Nf6 2. e5 Nd5 3. d4 d6 4. Nf3 dxe5 5. Nxe5 c6 6. c4 Nb6 7. Nc3 N8d7 8. Bf4 Nxe5 9. dxe5 Bf5 10. Be2 e6 11. O-O Be7 12. Qb3 O-O 13. Be3 Qc7 14. f4 h6 15. Rad1 Rfd8 16. Na4 Nxa4 17. Qxa4 Rxd1 18. Rxd1 g5 19. Bd3 gxf4 20. Bxf4 Qb6+ 21. Kh1 Bxd3 22. Rxd3 Qf2 0-1

[Event "Montreal Mercredi 04"]
[Site "Montreal CAN"]
[Date "2008.04.09"]
[Round "2"]
[White "Maharisoa, Tantely"]
[Black "Lemieux, Serge"]
[Result "1-0"]
[WhiteElo "1594"]
[BlackElo "1652"]
[PlyCount "107"]
[GameId "2160767910351253"]
[EventDate "2008.04.02"]
[EventType "tourn"]
[EventRounds "5"]
[EventCountry "CAN"]
[SourceTitle "EXT 2011"]
[Source "ChessBase"]
[SourceDate "2011.11.26"]
[SourceVersion "1"]
[SourceVersionDate "2011.11.26"]
[SourceQuality "1"]

1. d4 d5 2. c4 c6 3. e3 Nf6 4. Nc3 g6 5. h3 Bg7 6. cxd5 cxd5 7. Bd3 O-O 8. Nf3 Nc6 9. O-O Re8 10. a3 a6 11. b4 b5 12. Bb2 Bb7 13. Ne5 Rc8 14. Rc1 e6 15. Bb1 Nxe5 16. dxe5 Ne4 17. Ne2 f5 18. f3 Ng5 19. Bd4 Nf7 20. f4 Bf8 21. Nc3 Qd7 22. Bd3 Nd8 23. h4 Bc6 24. g4 Re7 25. g5 Nb7 26. h5 Qe8 27. Kf2 Qd8 28. Ne2 Be8 29. Ng3 Rec7 30. Rxc7 Qxc7 31. Rh1 Qc6 32. hxg6 Bxg6 33. Nh5 Bg7 34. Nf6+ Bxf6 35. gxf6 Kf7 36. Bb2 a5 37. Qd2 axb4 38. axb4 Ra8 39. Ra1 Rg8 40. Qe2 Rc8 41. Rc1 Qd7 42. Bxb5 Qd8 43. Ra1 Rc7 44. Ra7 Qc8 45. Bd3 Nd8 46. Rxc7+ Qxc7 47. b5 Nb7 48. Bd4 Nc5 49. Qc2 Nxd3+ 50. Qxd3 Ke8 51. b6 Qc6 52. Qa6 Qc2+ 53. Kg3 Kf8 54. b7 1-0

[Event "Montreal Mercredi 04"]
[Site "Montreal CAN"]
[Date "2008.04.09"]
[Round "2"]
[White "Millette, Sylvain"]
[Black "Teasdale, Alain"]
[Result "1/2-1/2"]
[WhiteElo "1630"]
[BlackElo "1547"]
[PlyCount "128"]
[GameId "2160767910351254"]
[EventDate "2008.04.02"]
[EventType "tourn"]
[EventRounds "5"]
[EventCountry "CAN"]
[SourceTitle "EXT 2011"]
[Source "ChessBase"]
[SourceDate "2011.11.26"]
[SourceVersion "1"]
[SourceVersionDate "2011.11.26"]
[SourceQuality "1"]

1. Nf3 d5 2. g3 c6 3. Bg2 Nf6 4. b3 Bf5 5. O-O e6 6. d3 h6 7. Bb2 Bd6 8. Nbd2 Nbd7 9. Qe1 e5 10. e4 dxe4 11. Nxe4 Nxe4 12. dxe4 Bh7 13. Rd1 Qc7 14. Qd2 Be7 15. Qc3 f6 16. Rd2 a5 17. a3 O-O 18. Rfd1 Rfd8 19. Nh4 Nb6 20. Rxd8+ Rxd8 21. Rxd8+ Qxd8 22. Nf5 Bxf5 23. exf5 Nd5 24. Qd3 Qd6 25. Qd2 b6 26. c4 Nc7 27. Qxd6 Bxd6 28. Bxc6 Na6 29. Bc1 Nc5 30. b4 axb4 31. axb4 Nd3 32. Ba3 Bxb4 33. Bxb4 Nxb4 34. Bb5 Kf7 35. Kg2 Nc2 36. Kf3 Ke7 37. Kg4 Nd4 38. Ba6 Kf7 39. Bc8 g6 40. fxg6+ Kxg6 41. h4 h5+ 42. Kh3 f5 43. Kg2 e4 44. Kf1 Kf6 45. Bd7 Nf3 46. Be8 Ne5 47. Bxh5 Nxc4 48. Ke2 Ke5 49. Bf7 Nd6 50. Bb3 Nb5 51. Kd2 Kd4 52. Be6 Ke5 53. Bd7 Nc7 54. Kc3 Nd5+ 55. Kc4 Nf6 56. Bc8 Ng4 57. h5 Nxf2 58. h6 Kf6 59. h7 Kg7 60. Bxf5 Nh1 61. g4 Ng3 62. Kd4 Nxf5+ 63. gxf5 Kxh7 64. Kxe4 Kg7 1/2-1/2

[Event "Montreal Mercredi 04"]
[Site "Montreal CAN"]
[Date "2008.04.09"]
[Round "2"]
[White "Pomerantz, Daniel"]
[Black "Giroux, Robert"]
[Result "0-1"]
[WhiteElo "1862"]
[BlackElo "1962"]
[PlyCount "110"]
[GameId "2160767910351255"]
[EventDate "2008.04.02"]
[EventType "tourn"]
[EventRounds "5"]
[EventCountry "CAN"]
[SourceTitle "EXT 2011"]
[Source "ChessBase"]
[SourceDate "2011.11.26"]
[SourceVersion "1"]
[SourceVersionDate "2011.11.26"]
[SourceQuality "1"]

1. e4 c5 2. Nf3 g6 3. d4 cxd4 4. Nxd4 Nc6 5. c4 Nf6 6. Nc3 d6 7. Be2 Nxd4 8. Qxd4 Bg7 9. Be3 O-O 10. Qd2 Be6 11. f3 a5 12. O-O a4 13. Bd4 Qa5 14. Rfd1 Nd7 15. Bxg7 Kxg7 16. Qd4+ Qe5 17. Qxe5+ Nxe5 18. b3 axb3 19. axb3 Nd7 20. Nd5 Bxd5 21. exd5 Rfc8 22. Kf2 Nc5 23. b4 Nd7 24. Ke3 b6 25. Kd4 f5 26. f4 Kf6 27. g4 h6 28. Re1 Nf8 29. h4 e5+ 30. fxe5+ dxe5+ 31. Kd3 Nd7 32. Rf1 f4 33. Bf3 g5 34. h5 e4+ 35. Bxe4 Ne5+ 36. Ke2 Rxa1 37. Rxa1 Rxc4 38. Bf5 Rxb4 39. Ra8 Rb2+ 40. Kf1 Nc4 41. Be6 Ke5 42. Rh8 Ne3+ 43. Ke1 f3 44. Rf8 f2+ 45. Rxf2 Rxf2 46. Kxf2 Nxd5 47. Bf7 b5 48. Ke2 b4 49. Kd2 Nf6 50. Kc2 Nxg4 51. Kb3 Nf6 52. Kxb4 g4 53. Bc4 Kf4 54. Kc3 Ke3 55. Be6 g3 0-1

[Event "Montreal Mercredi 04"]
[Site "Montreal CAN"]
[Date "2008.04.09"]
[Round "2"]
[White "Tong, Tan Guang"]
[Black "Lescarbeau, Martin"]
[Result "0-1"]
[WhiteElo "1457"]
[BlackElo "1480"]
[PlyCount "136"]
[GameId "2160767910351256"]
[EventDate "2008.04.02"]
[EventType "tourn"]
[EventRounds "5"]
[EventCountry "CAN"]
[SourceTitle "EXT 2011"]
[Source "ChessBase"]
[SourceDate "2011.11.26"]
[SourceVersion "1"]
[SourceVersionDate "2011.11.26"]
[SourceQuality "1"]

1. e4 c5 2. Nf3 d6 3. d4 cxd4 4. Nxd4 Nf6 5. Nc3 g6 6. Be3 Bg7 7. f3 O-O 8. Qd2 Nc6 9. O-O-O d5 10. Nxc6 bxc6 11. exd5 cxd5 12. Nxd5 Nxd5 13. Qxd5 Qc7 14. Qc4 Qb7 15. Bd4 Bf5 16. Qb3 Rfc8 17. c3 Bh6+ 18. Rd2 Qxb3 19. axb3 Rd8 20. g4 Bc8 21. f4 Bxf4 22. Bg2 Rb8 23. Rhd1 Bxg4 24. Re1 Bxd2+ 25. Kxd2 Rxb3 26. Kc2 Rdb8 27. c4 Bf5+ 28. Kc1 Rc8 29. Rxe7 Rxc4+ 30. Bc3 Rbxc3+ 31. bxc3 Rxc3+ 32. Kd1 a5 33. Ra7 Ra3 34. Bc6 Be6 35. Kc2 Ra2+ 36. Kd3 Rxh2 37. Rxa5 Rf2 38. Ke3 Rf6 39. Bf3 h5 40. Bxh5 Kg7 41. Bf3 Kh6 42. Be2 Rf5 43. Rxf5 Bxf5 44. Bc4 f6 45. Kf4 Bc2 46. Be6 f5 47. Bd7 g5+ 48. Kf3 Kh5 49. Bc6 Be4+ 50. Bxe4 fxe4+ 51. Kxe4 Kh4 52. Kf3 Kh3 53. Kf2 g4 54. Kg1 Kg3 55. Kf1 Kh2 56. Kf2 g3+ 57. Ke3 g2 58. Kd4 g1=Q+ 59. Kd5 Qe1 60. Kc6 Qe5 61. Kb7 Qc5 62. Ka8 Qe7 63. Kb8 Kg3 64. Kc8 Kf4 65. Kb8 Ke5 66. Kc8 Kd6 67. Kb8 Kc6 68. Ka8 Qb7# 0-1

[Event "Montreal Mercredi 04"]
[Site "Montreal CAN"]
[Date "2008.04.16"]
[Round "3"]
[White "Chesnut, Walter"]
[Black "Chenard, Yanick"]
[Result "1-0"]
[WhiteElo "1464"]
[BlackElo "1464"]
[PlyCount "106"]
[GameId "2160767910351258"]
[EventDate "2008.04.02"]
[EventType "tourn"]
[EventRounds "5"]
[EventCountry "CAN"]
[SourceTitle "EXT 2011"]
[Source "ChessBase"]
[SourceDate "2011.11.26"]
[SourceVersion "1"]
[SourceVersionDate "2011.11.26"]
[SourceQuality "1"]

1. d4 d6 2. c4 e5 3. dxe5 dxe5 4. Qxd8+ Kxd8 5. a3 c6 6. Nc3 Be6 7. e4 Bc5 8. Nf3 f6 9. b4 Be7 10. Be3 Nd7 11. Be2 g6 12. b5 cxb5 13. cxb5 Bc5 14. O-O Bxe3 15. fxe3 Ne7 16. Rfd1 Ke8 17. Rd6 Kf7 18. Rf1 h6 19. Nh4 Rac8 20. Nd5 Bxd5 21. Rxd7 Bxe4 22. Bf3 Bxf3 23. Rxf3 Rc1+ 24. Kf2 Rc2+ 25. Kg3 Rg8 26. Rxb7 Ke6 27. Rxa7 Nf5+ 28. Kh3 Nxh4 29. Kxh4 Rxg2 30. Kh3 Rd2 31. Ra6+ Rd6 32. Rxd6+ Kxd6 33. Rxf6+ Kd7 34. Ra6 Kc7 35. Kg4 Rb8 36. a4 Rg8 37. a5 Rb8 38. Rc6+ Kd7 39. Rb6 Rxb6 40. axb6 Kc8 41. Kf3 Kb7 42. Ke4 Kxb6 43. Kxe5 Kxb5 44. h4 Kc6 45. Kf6 g5 46. hxg5 hxg5 47. Kxg5 Kd5 48. Kf5 Kd6 49. e4 Kd7 50. Kf6 Ke8 51. Ke6 Kf8 52. Kd7 Kf7 53. e5 Kf8 1-0